| 000 | 00316nam a2200109 4500 | ||
|---|---|---|---|
| 999 |
_c10279 _d10279 |
||
| 008 | 180810b ||||| |||| 00| 0 eng d | ||
| 245 | _aMore wheelchairs fod PWDs, senior citizens in Cotabato. | ||
| 260 |
_aDavao City _bSun Star Davao _cc2016 |
||
| 300 | _apage 10. | ||
| 650 | 0 |
_930346 _aHandicapped. |
|
| 942 |
_2ddc _cPER |
||